• 首页
  • 本馆介绍
  • 公告通知
  • 最新文献
  • 馆藏检索
  • 电子资源
  • 读者导购
  • 参考咨询
  • 我的图书馆
  • 登录
  • 详细信息显示
  • 放入我的书架
  • 预约/预借图书
  • 作者相关作品
  • 分类相关作品
  • 丛书相关作品
  • 出版社相关作品

书目信息

  • 表格格式
  • 工作单格式
  • 卡片格式
题名:
我的创作经验
    
 
作者: 郭同江 口述 ;周佐愚 整理
分册:  
出版信息: 广州   广东人民出版社  1959
页数: 30页
开本: 20cm
丛书名:
单 册:
中图分类: J204
科图分类:
主题词: 绘画创作--经验 , 创作--绘画--经验
电子资源:
ISBN: T8111.283
000 00763cam0 2200265 450
001 0105459856
005 20070524101835.0
010    @aT8111.283@dCNY0.22
091    @aT8111.283@b精装@dCNY0.22
100    @a19951215d1959 em y0chiy0110 ea
101 0  @achi
102    @aCN@b440000
105    @af z 000yy
106    @ar
200 1  @a我的创作经验@9Wo De;Di Chuang Zuo Jing Yan @f郭同江口述@g周佐愚整理@b专著
210    @a广州@c广东人民出版社@d1959
215    @a30页@c图@d20cm
606 0  @a绘画创作@x经验
606 0  @a创作@x绘画@x经验
690    @aJ204@v3
701  0 @a郭同江@f(1925.9~)@9guo tong jiang@4口述
702  0 @a周佐愚@9zhou zuo yu@4整理
801  0 @aCN@b上海图书馆@c19970403
801  2 @aCN@bAiZhiMarc
905    @aBZT@dJ204@e1@f3@sJ204/1
    
    我的创作经验/郭同江口述/周佐愚整理.-广州:广东人民出版社,1959
    30页:图;20cm
    
    
    ISBN T8111.283:CNY0.22
    
●
相关链接 在五车中查询图书 在当当中查询图书 在豆瓣中查询图书


正题名:我的创作经验     索取号:J204/1         预约/预借

序号 登录号 条形码 馆藏地/架位号 状态 备注
1 2000033624   2000033624   旧书回溯/ [索取号:J204/1] 在馆    
2 2000033680   2000033680   旧书回溯/ [索取号:J204/1] 在馆    
3 2000078314   2000078314   旧书回溯/ [索取号:J204/1] 在馆    
山东省滨州职业学院图书馆 欢迎您!
大连网信软件有限公司© 版权所有